<?xml version="1.0" encoding="UTF-8"?>
<record
    xmlns:xsi="http://www.w3.org/2001/XMLSchema-instance"
    xsi:schemaLocation="http://www.loc.gov/MARC21/slim http://www.loc.gov/standards/marcxml/schema/MARC21slim.xsd"
    xmlns="http://www.loc.gov/MARC21/slim">

  <leader>00676nam a22001697a 4500</leader>
  <controlfield tag="003">UA-OsUOA</controlfield>
  <controlfield tag="001"> 17865 </controlfield>
  <controlfield tag="007">ta</controlfield>
  <controlfield tag="008">20040330b un ||||| |||| 00| 0 ukr d</controlfield>
  <datafield tag="942" ind1=" " ind2=" ">
    <subfield code="c">SA</subfield>
  </datafield>
  <datafield tag="040" ind1=" " ind2=" ">
    <subfield code="a">UA-OsUOA</subfield>
    <subfield code="c">UA-OsUOA</subfield>
    <subfield code="d">UA-OsUOA</subfield>
  </datafield>
  <datafield tag="245" ind1=" " ind2=" ">
    <subfield code="a">&#x404; &#x440;&#x456;&#x432;&#x43D;&#x435;&#x43D;&#x441;&#x44C;&#x43A;&#x438;&#x439; &#x442;&#x435;&#x43B;&#x435;&#x432;&#x456;&#x437;&#x43E;&#x440;!: [&#x412;&#x410;&#x422; "&#x420;&#x456;&#x432;&#x43D;&#x435;&#x43D;&#x441;&#x44C;&#x43A;&#x438;&#x439; &#x440;&#x430;&#x434;&#x456;&#x43E;&#x437;&#x430;&#x432;&#x43E;&#x434;" &#x432;&#x438;&#x43F;&#x443;&#x441;&#x442;&#x438;&#x432; &#x43F;&#x435;&#x440;&#x448;&#x443; &#x435;&#x43A;&#x441;&#x43F;&#x435;&#x440;&#x438;&#x43C;&#x435;&#x43D;&#x442;. &#x43F;&#x430;&#x440;&#x442;&#x456;&#x44E; &#x43A;&#x43E;&#x43B;&#x44C;&#x43E;&#x440;. &#x43C;&#x430;&#x43B;&#x43E;&#x433;&#x430;&#x431;&#x430;&#x440;&#x438;&#x442;. &#x43F;&#x435;&#x440;&#x435;&#x43D;&#x43E;&#x441;. &#x442;&#x435;&#x43B;&#x435;&#x432;&#x456;&#x437;&#x43E;&#x440;&#x456;&#x432;]</subfield>
  </datafield>
  <datafield tag="300" ind1=" " ind2=" ">
    <subfield code="a">&#x421;.4</subfield>
  </datafield>
  <datafield tag="955" ind1=" " ind2=" ">
    <subfield code="a">0</subfield>
  </datafield>
  <datafield tag="773" ind1="0" ind2=" ">
    <subfield code="w">0</subfield>
    <subfield code="t">&#x420;&#x456;&#x432;&#x43D;&#x435;&#x43D;&#x441;&#x44C;&#x43A;&#x430; &#x433;&#x430;&#x437;&#x435;&#x442;&#x430;</subfield>
    <subfield code="d">&#x420;&#x456;&#x432;&#x43D;&#x435;</subfield>
    <subfield code="d">2004</subfield>
    <subfield code="g">&#x2116;4/27 &#x43B;&#x44E;&#x442;./</subfield>
  </datafield>
  <datafield tag="650" ind1=" " ind2="7">
    <subfield code="a">&#x41A;&#x440;&#x430;&#x454;&#x437;&#x43D;&#x430;&#x432;&#x447;&#x430; &#x440;&#x43E;&#x431;&#x43E;&#x442;&#x430;</subfield>
    <subfield code="2">UDC</subfield>
  </datafield>
  <datafield tag="999" ind1=" " ind2=" ">
    <subfield code="c">304033</subfield>
    <subfield code="d">304033</subfield>
  </datafield>
</record>
